00588 2200181 4500001002100000005001700021035002400038040001200062082001600074090002600090130004300116245011300159260004900272300002200321650003000343850001200373990002100385YOGYA00000000009628220170420080723.0 0010-081400000095999 aYOPDYOG a352.9598235 aDEP 352.9598235 Sle L aSLEMAN [Undang-undang, peraturan, dsb] aLembaran Daerah Kabupaten Sleman nomor 3 tahun 2008 tentang taman pemakaman umum pemerintah Kabupaten Sleman aSlemanbBagian Hukum Setda Kab. Slemanc2008 a17 hlm.c; 15 cm. aPeraturan Daerah - Sleman aYOPDYOG aCB-D.11/2008-893